La avenida del Nevá ; El retrato ; La nariz ; El capote ; Apuntes de un loco / (Registro nro. 8568)

Detalles MARC
000 -LEADER
fixed length control field 01649nam a22004697a 4500
001 - CONTROL NUMBER
control field 00260
003 - CONTROL NUMBER IDENTIFIER
control field DO-SdBNP
005 - DATE AND TIME OF LATEST TRANSACTION
control field 20180201145151.0
008 - FIXED-LENGTH DATA ELEMENTS--GENERAL INFORMATION
fixed length control field 151105b 1989 sp ||||| |||| 00| 0 spa d
020 ## - INTERNATIONAL STANDARD BOOK NUMBER
International Standard Book Number 8420732494
040 ## - CATALOGING SOURCE
Original cataloging agency BPMSU
Language of cataloging spa
Transcribing agency BPMSU
041 ## - LANGUAGE CODE
Language code of text/sound track or separate title spa
Language code of original rus
100 1# - MAIN ENTRY--PERSONAL NAME
Personal name Gógol, Nikolai Vasilievich,
Dates associated with a name 1809-1852.
245 10 - TITLE STATEMENT
Title La avenida del Nevá ; El retrato ; La nariz ; El capote ; Apuntes de un loco /
Statement of responsibility, etc. Nikolaí V. Gógol ; traducción y notas, Isabel Vicente ; apéndice, Constantino Bértolo ; ilustración, Yuri Charyshnikov.
260 ## - PUBLICATION, DISTRIBUTION, ETC. (IMPRINT)
Place of publication, distribution, etc. Madrid :
Name of publisher, distributor, etc. Anaya,
Date of publication, distribution, etc. 1989.
300 ## - PHYSICAL DESCRIPTION
Extent 271 p. :
Other physical details il. ;
Dimensions 20 cm.
490 1# - SERIES STATEMENT
Series statement Tus libros sátiricos
Volume/sequential designation 85
500 ## - GENERAL NOTE
General note Incluye referencias bibliográficas y notas al pie de las páginas.
504 ## - BIBLIOGRAPHY, ETC. NOTE
Bibliography, etc Bibliografía : p. 265
505 0# - FORMATTED CONTENTS NOTE
Formatted contents note La avenida del nevá --
505 0# - FORMATTED CONTENTS NOTE
Formatted contents note La nariz --
505 0# - FORMATTED CONTENTS NOTE
Formatted contents note El retrato --
505 0# - FORMATTED CONTENTS NOTE
Formatted contents note El capote --
505 0# - FORMATTED CONTENTS NOTE
Formatted contents note Apuntes de un loco.
650 ## - SUBJECT ADDED ENTRY--TOPICAL TERM
Topical term or geographic name as entry element Cuentos juveniles rusos.
700 12 - ADDED ENTRY--PERSONAL NAME
Personal name Vicente, Isabel,
Relator term tr.
700 12 - ADDED ENTRY--PERSONAL NAME
Personal name Charyshnikov, Yuri,
Relator term il.
700 12 - ADDED ENTRY--PERSONAL NAME
Personal name Bértolo, Constantino
700 12 - ADDED ENTRY--PERSONAL NAME
Personal name Gógol, Nikolai Vasilievich,
Title of a work El retrato
700 12 - ADDED ENTRY--PERSONAL NAME
Personal name Gógol, Nikolai Vasilievich,
Title of a work La naríz
700 12 - ADDED ENTRY--PERSONAL NAME
Personal name Gógol, Nikolai Vasilievich,
Title of a work El capote
700 12 - ADDED ENTRY--PERSONAL NAME
Personal name Gógol, Nikolai Vasilievich,
Title of a work Apuntes de un loco
740 32 - ADDED ENTRY--UNCONTROLLED RELATED/ANALYTICAL TITLE
Uncontrolled related/analytical title La avenida del nevá
740 32 - ADDED ENTRY--UNCONTROLLED RELATED/ANALYTICAL TITLE
Uncontrolled related/analytical title La nariz.
740 32 - ADDED ENTRY--UNCONTROLLED RELATED/ANALYTICAL TITLE
Uncontrolled related/analytical title El retrato.
740 32 - ADDED ENTRY--UNCONTROLLED RELATED/ANALYTICAL TITLE
Uncontrolled related/analytical title El capote.
740 32 - ADDED ENTRY--UNCONTROLLED RELATED/ANALYTICAL TITLE
Uncontrolled related/analytical title Apuntes de un loco.
830 #0 - SERIES ADDED ENTRY--UNIFORM TITLE
Uniform title Tus libros sátiricos ;
Number of part/section of a work 85
942 ## - ADDED ENTRY ELEMENTS (KOHA)
Source of classification or shelving scheme Dewey Decimal Classification
Koha item type Libros
945 ## - LOCAL PROCESSING INFORMATION (OCLC)
a Inventariado, 201 /LP
956 ## - LOCAL ELECTRONIC LOCATION AND ACCESS (OCLC)
Host name LOPEREZ
Access number 10
Existencias
Withdrawn status Lost status Source of classification or shelving scheme Damaged status Not for loan Collection code Home library Current library Date acquired Source of acquisition Total Checkouts Barcode Date last seen Price effective from Koha item type
    Dewey Decimal Classification     Colección Escolar Biblioteca Pública Metropolitana Salomé Ureña Biblioteca Pública Metropolitana Salomé Ureña 11/05/2015 FUNDI   BPMSU15110079 11/05/2015 11/05/2015 Libros